| 000 | 00585nam a22002177a 4500 | ||
|---|---|---|---|
| 003 | OSt | ||
| 005 | 20140310182756.0 | ||
| 008 | 130206t xxu||||| |||| 00| 0 eng d | ||
| 020 | _a9716420714 | ||
| 050 |
_aDS668 _b.Z13a 1994 |
||
| 082 |
_aFIL959.9 _b.Z21 1999 |
||
| 245 |
_aThe Philippines : _ba unique nation _cZaide, Sonia M. |
||
| 260 |
_aQuezon City : _bAll-Nations Publishing Co., Inc. _c1994 |
||
| 300 |
_a458 p. _c23 cm. |
||
| 521 | _acollege students | ||
| 526 | _c1210L-1700L | ||
| 541 | _j1 | ||
| 541 | _j2 | ||
| 562 | _e2 | ||
| 942 |
_2lcc _cBK-FIL _kFIL |
||
| 999 |
_c15861 _d15861 |
||